000 00529nam a2200169Ia 4500
999 _c37266
_d37266
003 OSt
005 20201013160908.0
008 190216s9999||||xx |||||||||||||| ||und||
020 _a8170246431
040 _coclc
082 _a338.479154558
_bPUN/T
100 _aPunia, Bijender K
_95672
245 0 _aTourism Management Problems And Prospects /
_cBijender K Punia
260 _bAshish Publications,
_c1994.
_aNew Delhi:
300 _a197p
942 _cBK
_2ddc
_h338.479154558
_iPUN/T
_k338.479154558
_mPUN/T